| 000 | 00449nam a2200145Ia 4500 | ||
|---|---|---|---|
| 003 | OSt | ||
| 005 | 20260227095456.0 | ||
| 008 | 211028s2019 xx 000 0 und d | ||
| 040 | _cAIMIT LIBRARY | ||
| 041 | _aeng | ||
| 100 |
_aShetty, S Shraddha; Wright, Rowena. _g1716169 _98144 |
||
| 245 | _aStudy on training programme at Mangalore Chemicals and Fertilizers Ltd (MCF) Mangalore / | ||
| 260 |
_aMangalore _bLestan Dsouza _c2019 |
||
| 942 |
_2ddc _cPRO |
||
| 999 |
_c219712 _d219712 |
||